Les fruits en italien - Statistiques

Statistiques générales
  • Ce quiz a été pris 77 fois
  • Le résultat moyen est 10 sur 20
Statistiques - réponses
Hint Réponse % Correct
Banane Banana
90%
Poire Pera
81%
Ananas Ananas
74%
Kiwi Kiwi
74%
Pomme Mela
74%
Fraise Fragola
71%
Melon Melone
69%
Citron Limone
67%
Orange Arancia
60%
Pêche Pesca
52%
Mangue Mango
48%
Raisin Uva
48%
Abricot Albicocca
24%
Framboise Lampone
24%
Pastèque Anguria
21%
Prune Prugna
21%
Cerise Ciliegia
17%
Myrtille Mirtillo
17%
Mûre Mora
17%
Pamplemousse Pompelmo
14%
Aucun quiz correspondant
Distribution des résultats
% des personnes avec chaque résultat
Percentile par nombre de réponses
Votre historique - résultats
Vous n’avez pas pris ce quiz